| 000 | 00790nam a22002057a 4500 | ||
|---|---|---|---|
| 003 | BD-ChCU | ||
| 005 | 20240327110344.0 | ||
| 008 | 240327b bg ||||| |||| 00| 0 ben d | ||
| 020 | _a | ||
| 040 | _cBD-ChCU | ||
| 082 |
_222 _a৩৭০.১ শিক্ষা ১১ |
||
| 100 |
_aআহমদ, গিয়াসউদ্দীন ... (et. al.) _94664 |
||
| 245 |
_aশিক্ষানীতি / _cগিয়াসউদ্দীন আহমদ ... (et. al.) |
||
| 250 | _a২ সং. | ||
| 260 |
_aঢাকা : _bআহছানিয়া মিশন, _cc১৯৯৬ |
||
| 300 |
_a১৯৪পৃ. : _c22 cm. |
||
| 504 | _aincludes bibliographical references and index | ||
| 650 | 0 |
_aশিক্ষা - নীতি শিক্ষা _94663 |
|
| 942 |
_2ddc _cBK _n0 |
||
| 999 |
_c103954 _d103954 |
||